Числовые ряды
Пособие предназначено для изучения раздела математического анализа, посвященного числовым рядам. Содержание пособия соответствует рабочей программе дисциплины «Математический анализ» для студентов физического факультета, обучающихся по направлениям подготовки 03.03.02 «Физика», 09.03.02 «Информацион...
Uloženo v:
| Hlavní autor: | |
|---|---|
| Médium: | Книга |
| Jazyk: | Russian |
| Vydáno: |
Нижний Новгород
ННГУ им. Н. И. Лобачевского
2023
|
| On-line přístup: | https://e.lanbook.com/book/344813 https://e.lanbook.com/img/cover/book/344813.jpg |
| Tagy: |
Přidat tag
Žádné tagy, Buďte první, kdo otaguje tento záznam!
|
| LEADER | 02948nam0a2200277 i 4500 | ||
|---|---|---|---|
| 001 | 344813 | ||
| 003 | RuSpLAN | ||
| 005 | 20240216150945.0 | ||
| 008 | 240216s2023 ru gs 000 0 rus | ||
| 040 | |a RuSpLAN | ||
| 041 | 0 | |a rus | |
| 044 | |a ru | ||
| 080 | |a 517.521(075.8) | ||
| 084 | |a 22.161.3ÿ73 |2 rubbk | ||
| 245 | 0 | 0 | |a Числовые ряды |c Ястребова И. Ю. |
| 260 | |a Нижний Новгород |b ННГУ им. Н. И. Лобачевского |c 2023 | ||
| 300 | |a 68 с. | ||
| 500 | |a Рекомендовано методической комиссией Института информационных технологий, математики и механики для студентов ИНГУ, обучающихся по направлениям подготовки 03.03.02 «Физика», 09.03.02 «Информационные системы и технологии», 11.03.04 «Электроника и наноэлектроника», 28.03.01 «Нанотехнологии и микросистемная техника». | ||
| 504 | |a Библиогр.: доступна в карточке книги, на сайте ЭБС Лань | ||
| 520 | 8 | |a Пособие предназначено для изучения раздела математического анализа, посвященного числовым рядам. Содержание пособия соответствует рабочей программе дисциплины «Математический анализ» для студентов физического факультета, обучающихся по направлениям подготовки 03.03.02 «Физика», 09.03.02 «Информационные системы и технологии», 11.03.04 «Электроника и наноэлектроника», 28.03.01 «Нанотехнологии и микросистемная техника». В конце каждого параграфа приводятся контрольные вопросы, помогающие усвоению материала параграфа. В конце пособия приведена контрольная работа. Предназначено студентам для успешного усвоения темы «Числовые ряды». Кроме того, контрольная работа может быть использована преподавателями на практических занятиях с учётом способностей студентов | |
| 521 | 8 | |a Книга из коллекции ННГУ им. Н. И. Лобачевского - Математика | |
| 521 | 8 | |a СЭБ | |
| 100 | 1 | |a Ястребова И. Ю. | |
| 856 | 4 | |u https://e.lanbook.com/book/344813 | |
| 856 | 4 | 8 | |u https://e.lanbook.com/img/cover/book/344813.jpg |
| 953 | |a https://e.lanbook.com/img/cover/book/344813.jpg | ||